000 00690nam a2200253Ia 4500
003 OSt
005 20220918164026.0
006 a|||||r|||| 00| 0
007 ta
008 220917b |||||||| |||| 00| 0 eng d
020 _a0415025915
024 _a30,041
037 _cTextual
040 _aARTS
_cARTS
_beng
041 _2eng
_aeng
082 _aO111,3L97:g, M8
100 _aMellor Anne K
_916716
245 0 _aMary Shelley
_b her life, her fiction, her monsters
260 _aNew York
_bRoutledge USA
_c1988
300 _axx,276p.
_ccm.
650 _aENGLISH LITERATURE
942 _hO111,3L97:g, M8
_cTEXL
_2CC
999 _c122725
_d122725